| 000 | 00543nam a22001817a 4500 | ||
|---|---|---|---|
| 005 | 20250602095303.0 | ||
| 008 | 250425b |||||||| |||| 00| 0 eng d | ||
| 020 | _a9780521459105 | ||
| 040 |
_aSDCL _cSDCL |
||
| 041 |
_2eng _aeng |
||
| 084 | _aV791'P QO | ||
| 100 |
_aMcNeill, J. R. _9753060 |
||
| 245 |
_aMosquito empires : _bEcology and war in the greater caribbean, 1620-1914 |
||
| 260 |
_aNew York : _bCambridge University Press, _c2010. |
||
| 300 | _axviii, 371p. | ||
| 490 | _aNew approaches to the Americas | ||
| 942 |
_2CC _cTEXL _n0 |
||
| 999 |
_c1309416 _d1309416 |
||